000 00307nam a22001337a 4500
008 170824b xxu||||| |||| 00| 0 eng d
020 _a9780534390044
041 _aeng
080 _25TH
_a51
100 _a38
101 _aMAT
245 _aNUMERICAL MATHEMATICS AND COMPUTING
_cCHENEY,W
942 _2udc
_cBK
999 _c24930
_d24930